000
00313nam a22001457a 4500
008
221118b ||||| |||| 00| 0 eng d
020
_a
0486261786
041
_a
eng
080
_a
30
082
_a
30
100
_a
32
101
_a
JURE
245
_a
DISCOVERING THE NATURAL LAWS
_c
ROTHMAN M
942
_2
udc
_c
BK
999
_c
58955
_d
58955